| 000 | 00522nam a22001937a 4500 | ||
|---|---|---|---|
| 003 | OSt | ||
| 005 | 20180206130420.0 | ||
| 008 | 180206b xxu||||| |||| 00| 0 eng d | ||
| 020 | _a9781449358655 | ||
| 040 | _cDDC | ||
| 082 | _a004 ONE 2014 | ||
| 100 |
_aO'Neil, Cathy; Schutt, Rachel _912436 |
||
| 245 | _aDoing Data Science: straight talk from the frontline. | ||
| 260 | _aBeijing; O'reilly, 2014 | ||
| 300 | _axxv,377p; ill: 23cm | ||
| 504 | _aIndex included | ||
| 650 |
_aData Computer _95616 |
||
| 942 |
_2z _cB_BANK |
||
| 999 |
_c5993 _d5993 |
||